[Event "RUS-ch Men Blitz 2019"]
[Site "Sochi"]
[Date "2019.10.17"]
[Round "9.1"]
[White "Shimanov, Aleksandr"]
[Black "Drygalov, Andrey"]
[Result "1/2-1/2"]
[WhiteElo "2587"]
[BlackElo "2484"]
[Annotator "ChessBase"]
[PlyCount "112"]
[EventDate "2019.10.17"]
[EventType "swiss"]
[EventCountry "RUS"]
[SourceTitle "playchess.com"]
[Source "ChessBase"]
[SourceQuality "1"]
[TimeControl "180+2"]

1. e4 {[%emt 0:00:00]} c5 {[%emt 0:00:00]} 2. Nc3 {[%emt 0:00:01]} d6 {[%emt 0:00:00]} 3. Bb5+ {[%emt 0:00:02]} Bd7 {[%emt 0:00:03]} 4. Bxd7+ {[%emt 0:00:02]} Nxd7 {[%emt 0:00:06]} 5. f4 {[%emt 0:00:01]} Ngf6 {[%emt 0:00:05]} 6. Nf3 {[%emt 0:00:02]} g6 {[%emt 0:00:03]} 7. Qe2 {[%emt 0:00:04]} Bg7 {[%emt 0:00:03]} 8. e5 {[%emt 0:00:09]} dxe5 {[%emt 0:01:26]} 9. fxe5 {[%emt 0:00:01]} Ng4 {[%emt 0:00:17]} 10. e6 {[%emt 0:00:01]} Nde5 {[%emt 0:00:02]} 11. h3 {[%emt 0:00:41]} Nxf3+ {[%emt 0:00:02]} 12. Qxf3 {[%emt 0:00:01]} Ne5 {[%emt 0:00:01]} 13. exf7+ {[%emt 0:00:01]} Nxf7 {[%emt 0:00:01]} 14. Qxb7 {[%emt 0:00:02]} O-O {[%emt 0:00:06]} 15. d3 {[%emt 0:00:28]} Bd4 {[%emt 0:00:10]} 16. Qe4 {[%emt 0:00:28]} Rb8 {[%emt 0:00:12]} 17. Nd1 {[%emt 0:00:10]} Qd6 {[%emt 0:00:13]} 18. Bf4 {[%emt 0:00:17]} Ne5 {[%emt 0:00:31]} 19. Rf1 {[%emt 0:00:30]} g5 {[%emt 0:00:01]} 20. Bxe5 {[%emt 0:00:06]} Bxe5 {[%emt 0:00:05]} 21. Rxf8+ {[%emt 0:00:22]} Rxf8 {[%emt 0:00:01]} 22. c3 {[%emt 0:00:02]} Bg3+ {[%emt 0:00:08]} 23. Kd2 {[%emt 0:00:01]} Rf1 {[%emt 0:00:03]} 24. Kc2 {[%emt 0:00:05]} Kg7 {[%emt 0:00:02]} 25. Rc1 {[%emt 0:00:05]} e6 {[%emt 0:00:03]} 26. Ne3 {[%emt 0:00:03]} Rxc1+ {[%emt 0:00:01]} 27. Kxc1 {[%emt 0:00:01]} Bf4 {[%emt 0:00:01]} 28. Kc2 {[%emt 0:00:00]} h5 {[%emt 0:00:02]} 29. Nc4 {[%emt 0:00:02]} Qc7 {[%emt 0:00:02]} 30. Qxe6 {[%emt 0:00:01]} Qb7 {[%emt 0:00:02]} 31. Qe4 {[%emt 0:00:02]} Qd7 {[%emt 0:00:01]} 32. b3 {[%emt 0:00:06]} h4 {[%emt 0:00:02]} 33. Nd2 {[%emt 0:00:03]} Bxd2 {[%emt 0:00:05]} 34. Kxd2 {[%emt 0:00:00]} Qd6 {[%emt 0:00:01]} 35. Qf5 {[%emt 0:00:04]} Qg3 {[%emt 0:00:01]} 36. Qf3 {[%emt 0:00:02]} Qe5 {[%emt 0:00:01]} 37. Qe3 {[%emt 0:00:00]} Qf5 {[%emt 0:00:01]} 38. d4 {[%emt 0:00:02]} cxd4 {[%emt 0:00:02]} 39. Qxd4+ {[%emt 0:00:00]} Kh6 {[%emt 0:00:03]} 40. Qxa7 {[%emt 0:00:04]} Qd5+ {[%emt 0:00:00]} 41. Kc1 {[%emt 0:00:05]} Qxg2 {[%emt 0:00:01]} 42. Qe3 {[%emt 0:00:02]} Kg6 {[%emt 0:00:06]} 43. Qe6+ {[%emt 0:00:03]} Kg7 {[%emt 0:00:01]} 44. Qe7+ {[%emt 0:00:01]} Kg6 45. Qe6+ Kg7 {[%emt 0:00:00]} 46. b4 {[%emt 0:00:05]} g4 {[%emt 0:00:01]} 47. Qe7+ {[%emt 0:00:01]} Kg6 {[%emt 0:00:01]} 48. Qe6+ {[%emt 0:00:00]} Kg7 {[%emt 0:00:00]} 49. Qe5+ {[%emt 0:00:01]} Kg6 {[%emt 0:00:03]} 50. Qe6+ {[%emt 0:00:01]} Kg7 {[%emt 0:00:00]} 51. Qe5+ {[%emt 0:00:06]} Kg6 {[%emt 0:00:01]} 52. Qe6+ {[%emt 0:00:02]} Kg7 {[%emt 0:00:00]} 53. Qe7+ {[%emt 0:00:01]} Kg6 {[%emt 0:00:02]} 54. Qe8+ {[%emt 0:00:01]} Kg7 {[%emt 0:00:01]} 55. Qd7+ {[%emt 0:00:02]} Kg6 {[%emt 0:00:02]} 56. Qe6+ {[%emt 0:00:01]} Kg7 {[%emt 0:00:01]} 1/2-1/2

[Event "RUS-ch Men Blitz 2019"]
[Site "Sochi"]
[Date "2019.10.17"]
[Round "9.2"]
[White "Yudin, Sergei"]
[Black "Ponkratov, Pavel"]
[Result "1/2-1/2"]
[WhiteElo "2497"]
[BlackElo "2621"]
[Annotator "TA"]
[PlyCount "66"]
[EventDate "2019.10.17"]
[EventType "swiss"]
[EventCountry "RUS"]
[SourceTitle "playchess.com"]
[Source "ChessBase"]
[SourceQuality "1"]

{[%evp 10,66,47,0,61,30,55,31,63,7,64,39,50,42,60,32,43,27,45,0,0,0,0,0,0,0,0,0,2,12,41,0,27,-14,-18,-8,0,-105,-110,-120,-109,-105,-112,-156,-163,-180,-150,-119,0,0,0,0,0,0,0,0,0,0,0]} 1. e4 e5 2. Nf3 Nc6 3. Bc4 Nf6 4. d3 h6 5. h3 d6 6. Nc3 g5 {C55: Two Knights: 4 d3, 4 d4 exd4 5 e5 and Max Lange Attack} (6... Na5 $11) (6... Be7 7. O-O O-O 8. Ne2 {½-½ (8) Benidze,D (2487)-Paichadze,L (2564) Poti 2018}) 7. Be3 Bg7 8. Qd2 a6 $146 {White is slightly better.} ({Predecessor:} 8... Be6 9. O-O-O a6 10. Bxe6 fxe6 11. d4 exd4 12. Nxd4 Nxd4 13. Qxd4 {1-0 (46) Parfenov,V (2114)-Mikeev,V (1895) Uljanovsk 2010}) 9. a3 (9. d4 $14) 9... O-O (9... Be6 $11) 10. h4 g4 $1 {[%cal Rg4f3]} 11. Nh2 Kh7 12. Nf1 Ne7 13. d4 d5 14. dxe5 Nxe4 15. Bd3 {Hoping for Bc5.} Bf5 16. Bxe4 $1 dxe4 17. O-O-O Qxd2+ ({Much weaker is} 17... Bxe5 $6 18. Bxh6 Qxd2+ 19. Bxd2 $14) 18. Nxd2 Nc6 {[%cal Be7c6,Bc6e5,Be5g6][%mdl 32]} 19. Ndxe4 Nxe5 20. Rhe1 Rad8 21. Bf4 Rxd1+ 22. Rxd1 Ng6 23. Bg3 {[#]} (23. Bxc7 $11 {keeps the balance.} Nxh4 24. g3) 23... Bxe4 $1 $17 24. Nxe4 f5 25. Nc5 f4 26. h5 fxg3 27. hxg6+ Kxg6 28. fxg3 {[%mdl 4096] Endgame KRB-KRN} Be5 ({Black should try} 28... h5 $17 29. Ne6 Bh6+ 30. Kb1 Rf7) 29. Nd7 $11 {[%mdl 64] [#] Double Attack. The position is equal.} Rf5 30. Nxe5+ Rxe5 31. Rd4 h5 32. Kd2 $1 Re7 33. b4 Kg5 {Accuracy: White = 40%, Black = 36%.} 1/2-1/2

[Event "RUS-ch Men Blitz 2019"]
[Site "Sochi"]
[Date "2019.10.17"]
[Round "9.3"]
[White "Rublevsky, Sergei"]
[Black "Grachev, Boris"]
[Result "0-1"]
[WhiteElo "2651"]
[BlackElo "2621"]
[Annotator "TA"]
[PlyCount "71"]
[EventDate "2019.10.17"]
[EventType "swiss"]
[EventCountry "RUS"]
[SourceTitle "playchess.com"]
[Source "ChessBase"]
[SourceQuality "1"]

{[%evp 10,71,30,14,17,13,16,22,19,19,19,19,6,18,12,27,36,22,45,47,42,56,49,-27,20,22,15,18,16,17,63,40,62,25,62,-8,-3,-3,-7,-13,0,0,0,0,0,0,0,0,14,13,14,11,13,0,0,-19,-3,-22,-10,-13,-8,-15,-6,-44]} 1. e4 c5 2. Nf3 e6 3. c3 d5 4. exd5 exd5 5. d4 a6 6. Be2 cxd4 {B22: Sicilian: 2 c3} 7. Nxd4 Nf6 8. O-O Bd6 9. Bf3 $146 ({Predecessor:} 9. Nd2 O-O 10. N2f3 h6 11. h3 Re8 12. Re1 Nc6 13. Bf1 Ne4 14. Be3 {0-1 (69) Belyakov,B (2488)-Stocek,J (2550) Pardubice 2016}) 9... O-O 10. Bg5 h6 11. Bh4 Nc6 12. Na3 {[%cal Bb1a3,Ba3c2,Bc2e3][%mdl 32]} Ne5 13. Nac2 Ng6 14. Bxf6 Qxf6 15. Ne3 Be6 16. c4 (16. Qb3 $14) 16... dxc4 {[#] Hoping for ...Rad8.} (16... Rad8 {keeps more tension.} 17. cxd5 Bd7 18. Bg4 Qe5 19. Nf3 Qxb2 20. Rb1 Qxa2 21. Nd4 Bc5) 17. Nxe6 Qxe6 18. Bxb7 {And now Bd5 would win.} Rad8 {Threatens to win with ...Bxh2+!} 19. Qc2 Ne5 {White should prevent ...Bc5.} 20. Bd5 ({Reject} 20. Bxa6 Nf3+ 21. Kh1 (21. gxf3 Qh3 $11) 21... Bc7 $15) 20... Qf6 21. Rad1 (21. Bxc4 {is more complex.} Rc8 22. b3 Rfe8 23. Rad1 Bc5 24. Rfe1) 21... Rc8 22. Qf5 ({White should try} 22. g3 $14) 22... Qxf5 $11 {The position is equal.} 23. Nxf5 Bc5 24. Ne3 c3 25. bxc3 Bxe3 26. fxe3 Rxc3 27. e4 g6 28. Rf6 a5 29. Ra6 Rc5 30. h3 Kg7 31. Rb1 h5 32. a4 h4 33. Ra7 Rfc8 34. Re7 Rc1+ 35. Rxc1 Rxc1+ 36. Kh2 {Accuracy: White = 57%, Black = 51%.} 0-1

[Event "RUS-ch Men Blitz 2019"]
[Site "Sochi"]
[Date "2019.10.17"]
[Round "9.4"]
[White "Khegay, Dmitriy"]
[Black "Lysyj, Igor"]
[Result "0-1"]
[WhiteElo "2509"]
[BlackElo "2596"]
[Annotator "ChessBase"]
[PlyCount "92"]
[EventDate "2019.10.17"]
[EventType "swiss"]
[EventCountry "RUS"]
[SourceTitle "playchess.com"]
[Source "ChessBase"]
[SourceQuality "1"]
[TimeControl "180+2"]

1. e4 {[%emt 0:00:00]} e5 {[%emt 0:00:00]} 2. Nf3 {[%emt 0:00:01]} Nc6 {[%emt 0:00:00]} 3. Bc4 {[%emt 0:00:01]} Bc5 {[%emt 0:00:01]} 4. c3 {[%emt 0:00:00]} Nf6 {[%emt 0:00:01]} 5. d3 {[%emt 0:00:01]} a6 {[%emt 0:00:10]} 6. Bb3 {[%emt 0:00:01]} d6 {[%emt 0:00:02]} 7. Nbd2 {[%emt 0:00:02]} O-O {[%emt 0:00:04]} 8. Nf1 {[%emt 0:00:02]} Ba7 {[%emt 0:00:04]} 9. Ng3 {[%emt 0:00:01]} Be6 {[%emt 0:00:02]} 10. Bc2 {[%emt 0:00:02]} h6 {[%emt 0:00:03]} 11. O-O {[%emt 0:00:02]} d5 {[%emt 0:00:03]} 12. exd5 {[%emt 0:00:01]} Bxd5 {[%emt 0:00:07]} 13. h3 {[%emt 0:00:02]} Qd7 {[%emt 0:00:05]} 14. Re1 {[%emt 0:00:01]} Rfe8 {[%emt 0:00:01]} 15. b4 {[%emt 0:00:05]} Rad8 {[%emt 0:00:04]} 16. a4 {[%emt 0:00:02]} b5 {[%emt 0:00:14]} 17. Nh4 {[%emt 0:00:10]} Bb6 {[%emt 0:00:07]} 18. Nhf5 {[%emt 0:01:01]} Ne7 {[%emt 0:00:03]} 19. Rxe5 {[%emt 0:00:18]} Nxf5 {[%emt 0:00:02]} 20. Rxf5 {[%emt 0:00:00]} Qc6 {[%emt 0:00:05]} 21. Bd2 {[%emt 0:01:00]} Bxg2 {[%emt 0:00:14]} 22. Kh2 {[%emt 0:00:22]} Bd5 {[%emt 0:00:11]} 23. d4 {[%emt 0:00:02]} Re6 {[%emt 0:00:18]} 24. Qg1 {[%emt 0:00:03]} Kh8 {[%emt 0:00:41]} 25. Bd3 {[%emt 0:00:09]} Rde8 {[%emt 0:00:15]} 26. Re1 {[%emt 0:00:06]} Rxe1 {[%emt 0:00:03]} 27. Bxe1 {[%emt 0:00:00]} Re6 {[%emt 0:00:10]} 28. Bd2 {[%emt 0:00:01]} Qd7 {[%emt 0:00:03]} 29. Qc1 {[%emt 0:00:03]} Ne4 {[%emt 0:00:11]} 30. Rxd5 {[%emt 0:00:11]} Qxd5 {[%emt 0:00:05]} 31. Nxe4 {[%emt 0:00:06]} Rxe4 {[%emt 0:00:02]} 32. Bxe4 {[%emt 0:00:01]} Qxe4 {[%emt 0:00:02]} 33. Bf4 {[%emt 0:00:00]} c6 {[%emt 0:00:05]} 34. Be5 {[%emt 0:00:01]} Kh7 {[%emt 0:00:07]} 35. Qg1 {[%emt 0:00:03]} f6 {[%emt 0:00:07]} 36. Bg3 {[%emt 0:00:01]} Bd8 {[%emt 0:00:03]} 37. Qc1 {[%emt 0:00:04]} Be7 {[%emt 0:00:03]} 38. Qd2 {[%emt 0:00:02]} Bf8 {[%emt 0:00:03]} 39. Qc1 {[%emt 0:00:03]} g5 {[%emt 0:00:06]} 40. Qd2 {[%emt 0:00:01]} Kg6 {[%emt 0:00:02]} 41. Kg1 {[%emt 0:00:02]} h5 {[%emt 0:00:01]} 42. h4 {[%emt 0:00:02]} gxh4 {[%emt 0:00:03]} 43. Bf4 {[%emt 0:00:01]} h3 {[%emt 0:00:02]} 44. f3 {[%emt 0:00:05]} Qxf3 {[%emt 0:00:01]} 45. Kh2 {[%emt 0:00:01]} Qg2+ {[%emt 0:00:02]} 46. Qxg2+ {[%emt 0:00:01]} hxg2 {[%emt 0:00:01]} 0-1

[Event "RUS-ch Men Blitz 2019"]
[Site "Sochi"]
[Date "2019.10.17"]
[Round "9.5"]
[White "Morozevich, Alexander"]
[Black "Sakaev, Konstantin"]
[Result "1/2-1/2"]
[WhiteElo "2659"]
[BlackElo "2595"]
[Annotator "TA"]
[PlyCount "46"]
[EventDate "2019.10.17"]
[EventType "swiss"]
[EventCountry "RUS"]
[SourceTitle "playchess.com"]
[Source "ChessBase"]
[SourceQuality "1"]

{[%evp 9,46,0,15,6,0,-11,20,32,25,0,26,0,34,29,40,32,32,36,31,39,63,0,0,-169,-162,-414,-416,-405,-194,-202,-139,-146,-114,-115,-114,-189,-183,-170,-164]} 1. e4 c5 2. Nc3 d6 3. d4 cxd4 4. Qxd4 Nc6 5. Qd2 g6 6. b3 {B23: Closed Sicilian: Lines without g3} Bh6 7. f4 f5 8. Bb2 {The position is equal.} Nf6 9. O-O-O fxe4 10. Kb1 Rf8 $146 ({Predecessor:} 10... Qa5 11. Bc4 {0-1 (83) Andreikin,D (2719)-Firouzja,A (2607) St Petersburg 2018}) 11. Nge2 {[%mdl 1024] White has compensation.} Be6 12. h3 Qa5 13. g4 {Strongly threatening g5.} Bg7 $1 14. Bg2 d5 15. f5 ({Better is} 15. g5 $1 $14 Nh5 16. Nxd5 Qxd2 17. Rxd2) 15... gxf5 $11 16. Nf4 $2 (16. gxf5 $11 {and White stays safe.} Bf7 17. Nxd5 $1 {[%mdl 576] Pin} Qxd2 18. Rxd2) 16... Bh6 $19 {...Bd7 is the strong threat.} 17. gxf5 $2 (17. Rhf1 {keeps fighting.} O-O-O 18. Nxe4 Qxd2 19. Nxd2 Bxf4 20. Rxf4) 17... Bxf5 18. Qf2 {[%cal Rf4d5]} Bxf4 (18... d4 $142 19. Na4 O-O-O) 19. Qxf4 Be6 20. Ne2 Rc8 {Threatens to win with ...Nb4!} 21. a3 Qc7 22. Qh6 (22. Qd2 $17 {was necessary.}) 22... Rg8 23. Rhg1 {[#]} Bf7 $1 {Accuracy: White = 39%, Black = 46%.} 1/2-1/2

[Event "RUS-ch Men Blitz 2019"]
[Site "Sochi"]
[Date "2019.10.17"]
[Round "9.6"]
[White "Rozum, Ivan"]
[Black "Tsydypov, Zhamsaran"]
[Result "1/2-1/2"]
[WhiteElo "2599"]
[BlackElo "2553"]
[Annotator "ChessBase"]
[PlyCount "71"]
[EventDate "2019.10.17"]
[EventType "swiss"]
[EventCountry "RUS"]
[SourceTitle "playchess.com"]
[Source "ChessBase"]
[SourceQuality "1"]
[TimeControl "180+2"]

1. Nf3 {[%emt 0:00:00]} Nf6 {[%emt 0:00:02]} 2. g3 {[%emt 0:00:00]} g6 {[%emt 0:00:02]} 3. b3 {[%emt 0:00:01]} Bg7 {[%emt 0:00:02]} 4. Bb2 {[%emt 0:00:01]} d6 {[%emt 0:00:01]} 5. d4 {[%emt 0:00:02]} O-O {[%emt 0:00:04]} 6. Bg2 {[%emt 0:00:01]} a6 {[%emt 0:00:13]} 7. a4 {[%emt 0:00:16]} c5 {[%emt 0:00:08]} 8. c4 {[%emt 0:00:14]} Nfd7 {[%emt 0:00:15]} 9. O-O {[%emt 0:00:05]} Nc6 {[%emt 0:00:07]} 10. e3 {[%emt 0:00:06]} cxd4 {[%emt 0:00:01]} 11. exd4 {[%emt 0:00:01]} e5 {[%emt 0:00:03]} 12. Na3 {[%emt 0:00:29]} e4 {[%emt 0:00:05]} 13. Nd2 {[%emt 0:00:13]} f5 {[%emt 0:00:04]} 14. Nc2 {[%emt 0:00:03]} Qb6 {[%emt 0:00:06]} 15. Rb1 {[%emt 0:00:16]} Nf6 {[%emt 0:00:39]} 16. Kh1 {[%emt 0:00:33]} Re8 {[%emt 0:00:38]} 17. Ba1 {[%emt 0:00:19]} d5 {[%emt 0:00:06]} 18. Ne3 {[%emt 0:00:09]} Be6 {[%emt 0:00:04]} 19. cxd5 {[%emt 0:00:02]} Nxd5 {[%emt 0:00:01]} 20. Ndc4 {[%emt 0:00:01]} Qa7 {[%emt 0:00:06]} 21. Nxd5 {[%emt 0:00:06]} Bxd5 {[%emt 0:00:02]} 22. Ne3 {[%emt 0:00:03]} Rad8 {[%emt 0:00:05]} 23. Nxd5 {[%emt 0:00:11]} Rxd5 {[%emt 0:00:01]} 24. Qc2 {[%emt 0:00:05]} Nxd4 {[%emt 0:00:06]} 25. Qc4 {[%emt 0:00:07]} Qc5 {[%emt 0:00:02]} 26. Bxd4 {[%emt 0:00:13]} Bxd4 {[%emt 0:00:04]} 27. Rfd1 {[%emt 0:00:05]} Red8 {[%emt 0:00:07]} 28. f3 {[%emt 0:00:02]} b5 {[%emt 0:00:28]} 29. axb5 {[%emt 0:00:04]} axb5 {[%emt 0:00:02]} 30. Qxc5 {[%emt 0:00:01]} Bxc5 {[%emt 0:00:04]} 31. Rxd5 {[%emt 0:00:01]} Rxd5 {[%emt 0:00:01]} 32. fxe4 {[%emt 0:00:01]} fxe4 {[%emt 0:00:03]} 33. Bxe4 {[%emt 0:00:01]} Re5 {[%emt 0:00:03]} 34. Bd3 {[%emt 0:00:01]} Be7 {[%emt 0:00:03]} 35. Kg2 {[%emt 0:00:03]} b4 {[%emt 0:00:01]} 36. Bc4+ {[%emt 0:00:01]} 1/2-1/2

[Event "RUS-ch Men Blitz 2019"]
[Site "Sochi"]
[Date "2019.10.17"]
[Round "9.7"]
[White "Golubov, Saveliy"]
[Black "Nesterov, Arseniy"]
[Result "1/2-1/2"]
[WhiteElo "2469"]
[BlackElo "2484"]
[Annotator "ChessBase"]
[PlyCount "144"]
[EventDate "2019.10.17"]
[EventType "swiss"]
[EventCountry "RUS"]
[SourceTitle "playchess.com"]
[Source "ChessBase"]
[SourceQuality "1"]
[TimeControl "180+2"]

1. d4 {[%emt 0:00:00]} d5 {[%emt 0:00:00]} 2. Nf3 {[%emt 0:00:00]} Nf6 {[%emt 0:00:01]} 3. c3 {[%emt 0:00:00]} e6 {[%emt 0:00:06]} 4. Bf4 {[%emt 0:00:01]} Bd6 {[%emt 0:00:03]} 5. Bg3 {[%emt 0:00:01]} Ne4 {[%emt 0:00:04]} 6. Nbd2 {[%emt 0:00:01]} Nxg3 {[%emt 0:00:01]} 7. hxg3 {[%emt 0:00:01]} h6 {[%emt 0:00:06]} 8. e4 {[%emt 0:00:07]} c5 {[%emt 0:00:14]} 9. Bb5+ {[%emt 0:00:08]} Nc6 {[%emt 0:00:06]} 10. exd5 {[%emt 0:00:18]} exd5 {[%emt 0:00:02]} 11. O-O {[%emt 0:00:02]} O-O {[%emt 0:00:03]} 12. dxc5 {[%emt 0:00:02]} Bxc5 {[%emt 0:00:01]} 13. Nb3 {[%emt 0:00:01]} Bb6 {[%emt 0:00:02]} 14. a4 {[%emt 0:00:13]} a6 {[%emt 0:00:06]} 15. Bxc6 {[%emt 0:00:02]} bxc6 {[%emt 0:00:01]} 16. a5 {[%emt 0:00:00]} Ba7 {[%emt 0:00:03]} 17. Nbd4 {[%emt 0:00:31]} Qd6 {[%emt 0:00:16]} 18. Nh4 {[%emt 0:00:09]} g6 {[%emt 0:00:27]} 19. Qd2 {[%emt 0:00:22]} c5 {[%emt 0:00:07]} 20. Nc2 {[%emt 0:00:12]} Kh7 {[%emt 0:00:08]} 21. Rad1 {[%emt 0:00:01]} Be6 {[%emt 0:00:03]} 22. Nf3 {[%emt 0:00:33]} Rfd8 {[%emt 0:00:06]} 23. b4 {[%emt 0:00:06]} Rac8 {[%emt 0:00:10]} 24. bxc5 {[%emt 0:00:14]} Qxc5 {[%emt 0:00:01]} 25. Ncd4 {[%emt 0:00:01]} Qxc3 {[%emt 0:00:44]} 26. Qf4 {[%emt 0:00:01]} Qc7 {[%emt 0:00:10]} 27. Qf6 {[%emt 0:00:00]} Re8 {[%emt 0:00:10]} 28. Ne5 {[%emt 0:00:20]} Bxd4 {[%emt 0:00:13]} 29. Rxd4 {[%emt 0:00:01]} Qe7 {[%emt 0:00:01]} 30. Qf3 {[%emt 0:00:12]} Rc5 {[%emt 0:00:03]} 31. Rfd1 {[%emt 0:00:16]} Rec8 {[%emt 0:00:10]} 32. Qe3 {[%emt 0:00:01]} Qg5 {[%emt 0:00:04]} 33. f4 {[%emt 0:00:00]} Qf6 {[%emt 0:00:06]} 34. R4d2 {[%emt 0:00:06]} Rxa5 {[%emt 0:00:05]} 35. Qd4 {[%emt 0:00:02]} Rac5 {[%emt 0:00:02]} 36. Ra2 {[%emt 0:00:02]} Rc1 {[%emt 0:00:01]} 37. Rxa6 {[%emt 0:00:03]} Rxd1+ 38. Qxd1 {[%emt 0:00:01]} Qf5 {[%emt 0:00:02]} 39. Ra2 {[%emt 0:00:04]} Qe4 {[%emt 0:00:02]} 40. Re2 {[%emt 0:00:00]} Qb4 {[%emt 0:00:02]} 41. Rd2 {[%emt 0:00:03]} Qc5+ {[%emt 0:00:02]} 42. Kh2 {[%emt 0:00:00]} Qc1 {[%emt 0:00:02]} 43. Qe2 {[%emt 0:00:02]} Qb1 {[%emt 0:00:02]} 44. Rb2 {[%emt 0:00:04]} Qe4 {[%emt 0:00:02]} 45. Qd2 {[%emt 0:00:01]} d4 {[%emt 0:00:03]} 46. Rb4 {[%emt 0:00:03]} Rc2 {[%emt 0:00:03]} 47. Rxd4 {[%emt 0:00:02]} Rxd2 {[%emt 0:00:03]} 48. Rxe4 {[%emt 0:00:00]} Bd5 {[%emt 0:00:00]} 49. Re1 {[%emt 0:00:05]} Rxg2+ {[%emt 0:00:01]} 50. Kh3 {[%emt 0:00:00]} Rd2 {[%emt 0:00:02]} 51. g4 {[%emt 0:00:04]} Be6 {[%emt 0:00:02]} 52. Kg3 {[%emt 0:00:01]} Kg7 {[%emt 0:00:02]} 53. Re3 {[%emt 0:00:02]} Rb2 {[%emt 0:00:01]} 54. Rd3 {[%emt 0:00:02]} Kf6 55. Nf3 {[%emt 0:00:02]} Rb1 {[%emt 0:00:08]} 56. g5+ {[%emt 0:00:03]} hxg5 {[%emt 0:00:01]} 57. fxg5+ {[%emt 0:00:00]} Kg7 {[%emt 0:00:01]} 58. Rd4 {[%emt 0:00:04]} Rb3 {[%emt 0:00:01]} 59. Kf4 {[%emt 0:00:00]} Rb5 {[%emt 0:00:02]} 60. Ne5 {[%emt 0:00:02]} Rb1 61. Nf3 {[%emt 0:00:02]} Rf1 {[%emt 0:00:04]} 62. Ke3 {[%emt 0:00:02]} Bc8 {[%emt 0:00:02]} 63. Rb4 {[%emt 0:00:01]} Bd7 {[%emt 0:00:04]} 64. Rc4 Bb5 65. Rc5 {[%emt 0:00:05]} Ba4 {[%emt 0:00:02]} 66. Rc7 {[%emt 0:00:02]} Bd1 {[%emt 0:00:02]} 67. Nd4 Bg4 68. Ke4 {[%emt 0:00:05]} Bh3 {[%emt 0:00:05]} 69. Ra7 {[%emt 0:00:02]} Rf2 {[%emt 0:00:02]} 70. Ke3 {[%emt 0:00:01]} Rf1 {[%emt 0:00:01]} 71. Nf3 {[%emt 0:00:03]} Bg4 {[%emt 0:00:02]} 72. Nd4 {[%emt 0:00:02]} Bh3 {[%emt 0:00:03]} 1/2-1/2

[Event "RUS-ch Men Blitz 2019"]
[Site "Sochi"]
[Date "2019.10.17"]
[Round "9.8"]
[White "Triapishko, Alexandr"]
[Black "Nozdrachev, Vladislav"]
[Result "1/2-1/2"]
[WhiteElo "2514"]
[BlackElo "2494"]
[Annotator "ChessBase"]
[PlyCount "95"]
[EventDate "2019.10.17"]
[EventType "swiss"]
[EventCountry "RUS"]
[SourceTitle "playchess.com"]
[Source "ChessBase"]
[SourceQuality "1"]
[TimeControl "180+2"]

1. Nf3 {[%emt 0:00:10]} Nf6 {[%emt 0:00:00]} 2. g3 {[%emt 0:00:01]} d5 {[%emt 0:00:00]} 3. Bg2 e6 4. O-O {[%emt 0:00:04]} Be7 {[%emt 0:00:01]} 5. b3 {[%emt 0:00:01]} O-O {[%emt 0:00:06]} 6. Bb2 {[%emt 0:00:01]} b6 {[%emt 0:00:03]} 7. c4 {[%emt 0:00:03]} Bb7 {[%emt 0:00:01]} 8. e3 {[%emt 0:00:08]} c5 {[%emt 0:00:04]} 9. Nc3 {[%emt 0:00:04]} Nbd7 {[%emt 0:00:12]} 10. cxd5 {[%emt 0:00:14]} Nxd5 {[%emt 0:00:01]} 11. Nxd5 {[%emt 0:00:02]} Bxd5 {[%emt 0:00:01]} 12. d4 {[%emt 0:00:02]} Qc8 {[%emt 0:00:07]} 13. Qe2 {[%emt 0:00:09]} Qb7 {[%emt 0:00:02]} 14. Rfe1 {[%emt 0:00:42]} Nf6 {[%emt 0:00:09]} 15. dxc5 {[%emt 0:00:03]} bxc5 {[%emt 0:00:07]} 16. Bxf6 {[%emt 0:00:36]} Bxf6 {[%emt 0:00:01]} 17. Rac1 {[%emt 0:00:01]} Qb6 {[%emt 0:00:16]} 18. Nd2 {[%emt 0:00:05]} a5 {[%emt 0:00:10]} 19. Nc4 {[%emt 0:00:20]} Qa6 {[%emt 0:00:08]} 20. Nd2 {[%emt 0:00:28]} Qa7 {[%emt 0:00:54]} 21. e4 {[%emt 0:00:10]} Bb7 {[%emt 0:00:02]} 22. e5 {[%emt 0:00:01]} Be7 {[%emt 0:00:03]} 23. Bxb7 {[%emt 0:00:03]} Qxb7 {[%emt 0:00:01]} 24. Qe4 {[%emt 0:00:05]} Qb4 {[%emt 0:00:12]} 25. Qxb4 {[%emt 0:00:07]} axb4 {[%emt 0:00:01]} 26. Rc2 {[%emt 0:00:00]} Rfd8 {[%emt 0:00:02]} 27. Nc4 {[%emt 0:00:05]} g5 {[%emt 0:00:05]} 28. Kg2 {[%emt 0:00:03]} Kg7 {[%emt 0:00:02]} 29. h3 {[%emt 0:00:04]} Ra7 {[%emt 0:00:01]} 30. Kf3 {[%emt 0:00:01]} Rd5 {[%emt 0:00:02]} 31. Ree2 {[%emt 0:00:04]} Kg6 {[%emt 0:00:01]} 32. Kg2 {[%emt 0:00:02]} h5 {[%emt 0:00:01]} 33. Kf3 {[%emt 0:00:01]} Bf8 {[%emt 0:00:06]} 34. Kg2 {[%emt 0:00:01]} Bg7 {[%emt 0:00:01]} 35. f4 {[%emt 0:00:04]} gxf4 {[%emt 0:00:09]} 36. gxf4 {[%emt 0:00:00]} Rd4 {[%emt 0:00:02]} 37. Kf3 {[%emt 0:00:02]} Bh6 {[%emt 0:00:03]} 38. Re4 {[%emt 0:00:02]} Rad7 {[%emt 0:00:02]} 39. Nd6 {[%emt 0:00:04]} Rxe4 {[%emt 0:00:24]} 40. Kxe4 {[%emt 0:00:01]} f5+ {[%emt 0:00:01]} 41. Ke3 {[%emt 0:00:04]} Bf8 {[%emt 0:00:02]} 42. Rxc5 {[%emt 0:00:01]} Bxd6 {[%emt 0:00:01]} 43. exd6 {[%emt 0:00:01]} Rxd6 {[%emt 0:00:00]} 44. Rb5 {[%emt 0:00:03]} Ra6 {[%emt 0:00:01]} 45. Rxb4 {[%emt 0:00:01]} Rxa2 {[%emt 0:00:01]} 46. Kf3 {[%emt 0:00:03]} Rc2 {[%emt 0:00:02]} 47. h4 {[%emt 0:00:03]} Rc3+ {[%emt 0:00:00]} 48. Kg2 {[%emt 0:00:00]} 1/2-1/2